Animals that start with Z - Statistics

General Stats
  • This quiz has been taken 32 times
  • The average score is 2 of 10
Answer Stats
Hint Answer % Correct
Black and white striped animal Zebra
100%
Type of ox with a hump on its back Zebu
27%
This type of shark lives mostly on the ocean's floor Zebra shark
20%
Type of salamander that lives in eastern USA Zigzag salamander
10%
Species of fish that's found in the Amazon river Zamurito
7%
Hybrid of a zebra and and a horse Zebroid
7%
Burrowing rodent found in China Zokor
7%
Hybrid dog breed created by crossing a Bichon Frise and a Shih Tzu Zuchon
7%
Small bird that's found in Cuba Zapata wren
3%
Species of pidgeon that lives in the Phillipines Zone tailed pidgeon
3%
No matching quizzes found
Score Distribution
Percent of People with Each Score
Percentile by Number Answered
Your Score History
You have not taken this quiz